Normal view
MARC view
Entry Personal Name
001 - CONTROL NUMBER
- control field: 1237051
003 - CONTROL NUMBER IDENTIFIER
- control field: OSt
005 - DATE AND TIME OF LATEST TRANSACTION
- control field: 20260430150305.0
008 - FIXED-LENGTH DATA ELEMENTS
- fixed length control field: 260430|| aca||aabn | a|a d
040 ## - CATALOGING SOURCE
- Original cataloging agency: OSt
- Transcribing agency: OSt
100 ## - HEADING--PERSONAL NAME
- Personal name: Mondal Haroshit Kumar Au.; Bhatt R.K. Gu
670 ## - SOURCE DATA FOUND
- Source citation: Work cat.: (OSt)1849432: Mondal Haroshit Kumar Au.; Bhatt R.K. Gu., Use of E-Resources by Post Graduate Students, Research Scholars and Faculty Members in Select Universities in Dhaka (Bangladesh) : A Study, 2023
